LEADER 01325nam a2200301 a 4500 001 000000173102 003 CaOOAMICUS 005 20200127164441.0 008 200127s2019 gw 001 u ger r 020 $a978-3-7917-3118-6* 032 $aLibriCat 040 $aPUL$bita 100 1 $aDanz, Christian.$0(OLS)http://pul/name/49659 245 10$aDogmatische Christologie in der Moderne : $bProblemkonstellationen gegenwärtiger Forschung /$cChristian Danz/Georg Essen (Hg.) . 260 $aRegensburg :$bPustet,$c©2019. 300 $a320 p. ;$c24 cm 490 1 $aRatio fidei ;$vBd.70 504 $aBibliografia in nota a piè pagina. 650 4$aCristologia$zItalia$ySec. XIX-XX.$0(OLS)http://pul/subject/28179 700 1 $aEssen, Georg,$d1961-$0(OLS)http://pul/name/50434 830 0$aRatio fidei ;$vBd. 70.$0(OLS)http://pul/title/99457 850 $aPUL 852 $aPUL$W1$xSL Religione 1$y3$m57 M 70$j197073$qStampati$B201861$CPULBib$Z2$F201861 $H133899 $82 941 1 $a8 996 $6020$a978-3-7917-3118-6*$9(OLS)http://pul/number/167078 996 $6245$aDogmatische Christologie in der Moderne : $bProblemkonstellationen gegenwärtiger Forschung$9(OLS)http://pul/title/214155 996 $6260$aRegensburg :$bPustet$9(OLS)http://pul/publisher/61617 LEADER 01703namaa2200373 i 4500 001 000000177668 003 CaOOAMICUS 005 20250408160532.0 007 tu 008 250408s2023 it 000 u ita r 020 $a978-88-288-5026-7* 040 $aPUL$bita$erda 082 0 $a341.2422 245 00$aElementi di diritto dell'Unione europea :$bparte speciale, Il diritto sostanziale alla prova dell'integrazione politica /$ca cura di Ugo Draetta, Nicoletta Parisi e Dino Rinoldi. 250 $a6. edizione 264 4$c©2023. 264 1$aMilano :$bGiuffrè,$c[2023] 300 $aXIX, 360 pagine ;$c24 cm 336 $atesto$btxt$2rdacontent 337 $asenza mediazione$bn$2rdamedia 338 $avolume$bnc$2rdacarrier 650 4$aDiritto comunitaro$xManuali.$0(OLS)http://pul/subject/46832 700 1 $aDraetta, Ugo,$d1939-,$ecuratore.$0(OLS)http://pul/name/29578 700 1 $aRinoldi, Dino,$ecuratore.$0(OLS)http://pul/name/114313 700 1 $aParisi, Nicoletta,$d1950-,$ecuratore.$0(OLS)http://pul/name/29004 850 $aPUL 852 $aPUL$W1$xSL Diritto e Scienze Sociali 3$y79$m341. 2422 DRAUG 3$j201603$qDDC 21$B206642$CPULBib$Z2$F206642 $H137755 $82 941 1 $a9 996 $6020$a978-88-288-5026-7*$9(OLS)http://pul/number/170278 996 $6082$a341.2422$9(OLS)http://pul/classification/2385 996 $6245$aElementi di diritto dell'Unione europea :$bparte speciale, Il diritto sostanziale alla prova dell'integrazione politica$9(OLS)http://pul/title/219209 996 $6264$aMilano :$bGiuffrè$9(OLS)http://pul/publisher/48401 996 $6264$a[S.l.] :$b[s.n.]$9(OLS)http://pul/publisher/0